El dictamen para efectos del seguro social

Detalles Bibliográficos
Autor principal: Gallegos Reyes, Humberto
Formato: eBook
Lenguaje:español
Publicado: Mx̌ico D.F. : Ediciones Fiscales ISEF, 2011
Materias:
Acceso en línea:http://www.vlex.com/source/10966

MARC

LEADER 00000nam a22000007a 4500
005 20130405102145.0
007 cr|||| ||||
008 130405e2011 mx |||||s|||| 00||0 spa d
020 |a 978-607-406-299-1 
035 |a 10966 
040 |a vLex 
090 |c 4132  |d 4132 
100 1 0 |a Gallegos Reyes, Humberto  
245 1 3 |a El dictamen para efectos del seguro social  |c / Humberto Gallegos Reyes   |h [Recurso electrn̤ico] 
256 |a Servicio en ln̕ea 
260 |a Mx̌ico D.F. :   |b Ediciones Fiscales ISEF,   |c 2011 
300 |a 1 Recurso electrn̤ico 
506 |a Contenido solo disponible en los productos indicados   |d vLex Global  |d vLex Global (Academic Edition, excluding Law Schools)  |d vLex Global (U.S. Academic Edition, Law Schools)  |d vLex Global (U.S. Academic Edition, excluding Law Schools)  |d vLex Global (Academic Edition, Law Schools) 
650 0 4 |a Derecho laboral y Seguridad Social  |z Mx̌ico 
740 |a vLex Libros (Servicio en ln̕ea) 
856 |a Acceso restringido  |u http://www.vlex.com/source/10966 
942 |c BOOK 
999 0 |a Labor law and legislation